FoxPro 2.0 - popis jazyka /

Saved in:
Bibliographic Details
Main Author: Bílek, Jan (Author)
Format: Book
Language:Czech
Published: Praha : Grada, 1993
Edition:1.vyd.
Tags: Add Tag
No Tags, Be the first to tag this record!

MARC

LEADER 00000nam a22000003a 4500
001 stu3868
005 20200923115206.1
008 930524s1993----xr------------------cze-d
020 |a 80-85623-02-1 
040 |a STU  |b slo 
041 0 |a cze 
044 |a xr 
080 |a 681.32.06 
080 |a FoxPro 
080 |a 519.682 
100 1 |a Bílek, Jan  |4 aut 
245 1 |a FoxPro 2.0 - popis jazyka /  |c [aut.] Bílek,Jan 
250 |a 1.vyd. 
260 |a Praha :  |b Grada,  |c 1993 
300 |a 557 s 
996 |c I*10DS4757  |l I  |s A  |a 24  |w stu3868_0001 
996 |b E78429  |c E*78429  |l EE05  |s P  |a 0  |w stu3868_0002